| 000 | 00688cam a22002053a 4500 | ||
|---|---|---|---|
| 001 | 44785 | ||
| 003 | PGUSA | ||
| 005 | 20140828084025.0 | ||
| 008 | 140129s2014||||xxu|||||s|||||000 | eng d | ||
| 040 |
_aPGUSA _beng |
||
| 042 | _adc | ||
| 100 | 1 | _aTrue, Frederick | |
| 245 | 1 | 4 |
_aThe Beaked Whales of the Family Ziphidae : _bAn account of the Beaked Whales of the Family Ziphiidae in the collection of the united states museum... _h[electronic resource] / _cFrederick True |
| 260 |
_bProject Gutenberg, _c2014 |
||
| 506 | _aPublic domain in the USA. | ||
| 516 | _aElectronic text | ||
| 830 | 0 |
_aProject Gutenberg _v44785 |
|
| 856 | 4 | 0 | _uhttp://www.gutenberg.org/ebooks/44785 |
| 942 | _cEB | ||
| 999 |
_c274036 _d274036 |
||